Developing excellence in teaching and learning in higher education through observation / (Record no. 81853)

MARC details
000 -LEADER
fixed length control field 00857nam a22002537a 4500
003 - CONTROL NUMBER IDENTIFIER
control field URS
005 - DATE AND TIME OF LATEST TRANSACTION
control field 20250128222041.0
008 - FIXED-LENGTH DATA ELEMENTS--GENERAL INFORMATION
fixed length control field 250121b |||||||| |||| 00| 0 eng d
020 ## - INTERNATIONAL STANDARD BOOK NUMBER
International Standard Book Number 978-0-367-35808-2 (hbk)
020 ## - INTERNATIONAL STANDARD BOOK NUMBER
International Standard Book Number 978-0-367-35810-5(pbk)
020 ## - INTERNATIONAL STANDARD BOOK NUMBER
International Standard Book Number 978-0-429-34190-8(ebk)
040 ## - CATALOGING SOURCE
Transcribing agency URS
050 00 - LIBRARY OF CONGRESS CALL NUMBER
Classification number LB1028.3
Item number .Ol21 2023
100 1# - MAIN ENTRY--PERSONAL NAME
Personal name O'leary, Matt
Relator term Author
245 10 - TITLE STATEMENT
Title Developing excellence in teaching and learning in higher education through observation /
Statement of responsibility, etc Matt O'leary [and] Vanessa Cui
264 #1 - PUBLICATION, DISTRIBUTION, ETC. (IMPRINT)
Place of publication, distribution, etc Abingdon
Name of publisher, distributor, etc Routledge
Date of publication, distribution, etc @2023
300 ## - PHYSICAL DESCRIPTION
Extent viii, 224pages;
Other physical details illustration.
Dimensions 23cm.
336 ## - CONTENT TYPE
Source rdacontent
Content type term text
337 ## - MEDIA TYPE
Source rdamedia
Media type term unmediated
338 ## - CARRIER TYPE
Source rdacarrier
Carrier type term volume
504 ## - BIBLIOGRAPHY, ETC. NOTE
Bibliography, etc it includes references, concluding comments, index.
650 ## - SUBJECT ADDED ENTRY--TOPICAL TERM
Topical term or geographic name as entry element teaching and learning.
942 ## - ADDED ENTRY ELEMENTS (KOHA)
Source of classification or shelving scheme Library of Congress Classification
Koha item type Foreign Books
Holdings
Withdrawn status Lost status Source of classification or shelving scheme Damaged status Not for loan Home library Current library Shelving location Date acquired Source of acquisition Total Checkouts Full call number Barcode Date last seen Copy number Price effective from Koha item type
    Library of Congress Classification     Rodriguez College Library Rodriguez College Library Foreign Section 01/21/2025 Library fund   LB1028.3 .Ol21 2023 URSROD-5248 01/21/2025 1 01/21/2025 Foreign Books

University of Rizal System
Email us at univlibservices@urs.edu.ph

Visit our Website www.urs.edu.ph/library